| 000 | 00580 a2200169 4500 | ||
|---|---|---|---|
| 020 | _a1934154008 | ||
| 020 | _a9781934154007 | ||
| 082 | _a625.85 ASP | ||
| 082 | 0 | 4 |
_a625.85 _bASP |
| 245 |
_aMoisture sensitivity : _bbest practices to minimize moisture sensitivity in asphalt mixtures. |
||
| 250 | _a1st ed. | ||
| 260 |
_a[Lexington, Ky.] : _bAsphalt Institute, _c2007. |
||
| 300 |
_avi, 42 p. : _bill., map ; _c23 cm. |
||
| 650 |
_aPavements, Asphalt concrete _xTesting. |
||
| 650 |
_aAsphalt concrete _xMoisture. |
||
| 650 |
_aBituminous materials _xMoisture. |
||
| 830 | 0 | _aManual series (Asphalt Institute) ; | |
| 999 |
_c1553 _d1553 |
||